The demon hand : (Record no. 10796)
[ view plain ]
| 000 -LEADER | |
|---|---|
| fixed length control field | 01145cam a22003495a 4500 |
| 001 - CONTROL NUMBER | |
| control field | 17070449 |
| 003 - CONTROL NUMBER IDENTIFIER | |
| control field | OSt |
| 005 - DATE AND TIME OF LATEST TRANSACTION | |
| control field | 20140310182226.0 |
| 008 - FIXED-LENGTH DATA ELEMENTS--GENERAL INFORMATION | |
| fixed length control field | 111203s1988 wiuab j 000 1 eng d |
| 010 ## - LIBRARY OF CONGRESS CONTROL NUMBER | |
| LC control number | 2011514329 |
| 020 ## - INTERNATIONAL STANDARD BOOK NUMBER | |
| International Standard Book Number | 0880385421 (pbk.) |
| 020 ## - INTERNATIONAL STANDARD BOOK NUMBER | |
| International Standard Book Number | 9780880385428 (pbk.) |
| 035 ## - SYSTEM CONTROL NUMBER | |
| System control number | (OCoLC)ocm17823792 |
| 040 ## - CATALOGING SOURCE | |
| Original cataloging agency | OHI |
| Transcribing agency | OHI |
| Modifying agency | OCLCQ |
| -- | BAKER |
| -- | BTCTA |
| -- | YDXCP |
| -- | JBO |
| -- | DLC |
| 042 ## - AUTHENTICATION CODE | |
| Authentication code | lccopycat |
| 050 00 - LIBRARY OF CONGRESS CALL NUMBER | |
| Classification number | PZ 7 |
| Item number | .Es79 1988 |
| 082 ## - DEWEY DECIMAL CLASSIFICATION NUMBER | |
| Classification number | FIC |
| Item number | Es8ga 1988 |
| 100 1# - MAIN ENTRY--PERSONAL NAME | |
| Personal name | Estes, Rose. |
| 9 (RLIN) | 17744 |
| 245 14 - TITLE STATEMENT | |
| Title | The demon hand : |
| Statement of responsibility, etc | Rose Estes |
| Remainder of title | a journey to a land of wizards, demons and magical gems / |
| 260 ## - PUBLICATION, DISTRIBUTION, ETC. (IMPRINT) | |
| Place of publication, distribution, etc | Lake Geneva, WI : |
| Name of publisher, distributor, etc | TSR, |
| Date of publication, distribution, etc | c1988. |
| 300 ## - PHYSICAL DESCRIPTION | |
| Extent | 314 p. : |
| Other physical details | ill. ; |
| Dimensions | 18 cm. |
| 490 1# - SERIES STATEMENT | |
| Series statement | Greyhawk adventures ; |
| Volume number/sequential designation | 5 |
| 650 ## - SUBJECT ADDED ENTRY--TOPICAL TERM | |
| Topical term or geographic name as entry element | Adventure and adventures. |
| 9 (RLIN) | 4244 |
| 650 ## - SUBJECT ADDED ENTRY--TOPICAL TERM | |
| Topical term or geographic name as entry element | Wizards |
| General subdivision | Fiction. |
| 9 (RLIN) | 17745 |
| 650 ## - SUBJECT ADDED ENTRY--TOPICAL TERM | |
| Topical term or geographic name as entry element | Magic |
| General subdivision | Fiction. |
| 9 (RLIN) | 17746 |
| 710 2# - ADDED ENTRY--CORPORATE NAME | |
| Corporate name or jurisdiction name as entry element | Copyright Paperback Collection (Library of Congress) |
| Institution to which field applies | DLC |
| 9 (RLIN) | 705 |
| 830 #0 - SERIES ADDED ENTRY--UNIFORM TITLE | |
| Uniform title | Greyhawk adventures ; |
| Volume number/sequential designation | 5. |
| 9 (RLIN) | 17747 |
| 906 ## - LOCAL DATA ELEMENT F, LDF (RLIN) | |
| a | 0 |
| b | ibc |
| c | copycat |
| d | 2 |
| e | ncip |
| f | 20 |
| g | y-genrareb |
| 942 ## - ADDED ENTRY ELEMENTS (KOHA) | |
| Source of classification or shelving scheme | Library of Congress Classification |
| Koha item type | |
| Withdrawn status | Lost status | Source of classification or shelving scheme | Damaged status | Home library | Current library | Shelving location | Date acquired | Total Checkouts | Full call number | Barcode | Date last seen | Copy number | Price effective from | Koha item type |
|---|---|---|---|---|---|---|---|---|---|---|---|---|---|---|
| Library of Congress Classification | Luxembourg Library | Luxembourg Library | Fiction Section | 09/10/2013 | PZ 7 .Es79 1988 | 11722 | 09/10/2013 | 1 | 09/10/2013 | Books |